000 00217nam a22001097a 4500
100 _aUpadhay
245 _amathematics class X
250 _a2014
260 _bS.K. kataria & sons
300 _a1021
942 _2ddc
_cBK
999 _c12973
_d12973